[Event "IBCA-ol blind 15th"]
[Site "Ohrid"]
[Date "2017.06.23"]
[Round "5.4"]
[White "Ilieva, Gabriela"]
[Black "Slusnys, Evaldas"]
[Result "1/2-1/2"]
[WhiteElo "1643"]
[BlackElo "1889"]
[PlyCount "111"]
[EventDate "2017.06.19"]
[EventType "team-swiss"]
[EventRounds "9"]
[EventCountry "MKD"]
[SourceTitle "CBM 179 Extra"]
[Source "ChessBase"]
[SourceDate "2017.08.23"]
[SourceVersion "1"]
[SourceVersionDate "2017.08.23"]
[SourceQuality "1"]
[WhiteTeam "Bulgaria"]
[BlackTeam "Lithuania"]
[WhiteTeamCountry "BUL"]
[BlackTeamCountry "LTU"]

1. Nf3 Nf6 2. g3 c5 3. Bg2 g6 4. 0-0 Bg7 5. c4 Nc6 6. Nc3 0-0 7. d3 d6 8. Bd2 e6 9. e3 d5 10. Qe2 e5 11. e4 dxc4 12. dxc4 Bg4 13. Rad1 Nd4 14. Qe3 Re8 15. Bc1 Qd7 16. b3 Rad8 17. Bb2 Qc6 18. Kh1 Rd7 19. Rd3 Bxf3 20. Bxf3 Nc2 21. Qd2 Nd4 22. Bg2 Red8 23. Nd5 Ne8 24. Bh3 f5 25. Bxd4 cxd4 26. exf5 Rxd5 27. Bg2 Nf6 28. cxd5 Nxd5 29. Rc1 Qe8 30. Qa5 e4 31. Bxe4 Qxe4+ 32. f3 Qe7 33. fxg6 hxg6 34. Qxa7 Qe2 35. Qa5 Rd7 36. Qd2 Qe5 37. Re1 Qf5 38. Re8+ Kh7 39. Re4 Ne3 40. Rf4 Qe6 41. Re4 Qc6 42. b4 Rf7 43. Rdxe3 dxe3 44. Qxe3 Qc2 45. Rh4+ Kg8 46. Qe8+ Bf8 47. Rh8+ Kxh8 48. Qxf7 Bg7 49. Qxb7 Qxa2 50. Qc8+ Kh7 51. Qh3+ Kg8 52. Qc8+ Bf8 53. Qe8 Qc2 54. Qe6+ Kh7 55. Qd7+ Bg7 56. Qh3+ 1/2-1/2

[Event "IBCA-ol blind 15th"]
[Site "Ohrid"]
[Date "2017.06.22"]
[Round "4.4"]
[White "Aksu, Mumin"]
[Black "Ilieva, Gabriela"]
[Result "0-1"]
[WhiteElo "1741"]
[BlackElo "1643"]
[PlyCount "62"]
[EventDate "2017.06.19"]
[EventType "team-swiss"]
[EventRounds "9"]
[EventCountry "MKD"]
[SourceTitle "CBM 179 Extra"]
[Source "ChessBase"]
[SourceDate "2017.08.23"]
[SourceVersion "1"]
[SourceVersionDate "2017.08.23"]
[SourceQuality "1"]
[WhiteTeam "Turkey"]
[BlackTeam "Bulgaria"]
[WhiteTeamCountry "TUR"]
[BlackTeamCountry "BUL"]

1. e4 e6 2. d4 d5 3. e5 c5 4. c3 Nc6 5. Nd2 cxd4 6. f4 dxc3 7. bxc3 Qa5 8. Qb3 Bc5 9. Ne2 Nge7 10. Ng3 0-0 11. Bd3 b6 12. Qc2 g6 13. a4 Rd8 14. Nb3 Nd4 15. Nxa5 Nxc2+ 16. Bxc2 bxa5 17. Bd3 Rb8 18. Kd2 Rb6 19. Bc2 Ba6 20. Ne2 Rc6 21. Bd3 Bxd3 22. Kxd3 Bb6 23. Bd2 Rdc8 24. Rhc1 Rc4 25. g3 Nc6 26. Be3 Bxe3 27. Kxe3 Rb8 28. Ra2 Rb3 29. Kd2 h6 30. Kd3 Nb4+ 31. Kd2 Nxa2 0-1

[Event "IBCA-ol blind 15th"]
[Site "Ohrid"]
[Date "2017.06.21"]
[Round "3.4"]
[White "Ilieva, Gabriela"]
[Black "Olivera Gutierrez, Albert"]
[Result "0-1"]
[WhiteElo "1643"]
[BlackElo "2061"]
[PlyCount "52"]
[EventDate "2017.06.19"]
[EventType "team-swiss"]
[EventRounds "9"]
[EventCountry "MKD"]
[SourceTitle "CBM 179 Extra"]
[Source "ChessBase"]
[SourceDate "2017.08.23"]
[SourceVersion "1"]
[SourceVersionDate "2017.08.23"]
[SourceQuality "1"]
[WhiteTeam "Bulgaria"]
[BlackTeam "Spain"]
[WhiteTeamCountry "BUL"]
[BlackTeamCountry "ESP"]

1. d4 d5 2. c4 c6 3. Nc3 e6 4. e3 Nf6 5. Nf3 Nbd7 6. Qc2 Bd6 7. g4 Nxg4 8. Rg1 Nh6 9. Bd2 Nf5 10. e4 dxe4 11. Nxe4 Be7 12. Bh3 Nf6 13. Bxf5 exf5 14. Ng3 g6 15. Rd1 Qc7 16. Ne2 Be6 17. Bf4 Qa5+ 18. Nd2 Qxa2 19. Nb3 Qa4 20. Rc1 Ne4 21. f3 Nd6 22. Nd2 Qxc2 23. Rxc2 f6 24. h4 Nf7 25. Nc3 Rd8 26. b3 b6 0-1

[Event "IBCA EU-chT blind 01st"]
[Site "Warsaw"]
[Date "2016.07.31"]
[Round "8.4"]
[White "Gundogmus, Alaetin"]
[Black "Ilieva, Gabriela"]
[Result "0-1"]
[WhiteElo "1590"]
[BlackElo "1510"]
[PlyCount "60"]
[EventDate "2016.07.24"]
[EventType "team-swiss"]
[EventRounds "9"]
[EventCountry "POL"]
[SourceTitle "CBM 173 Extra"]
[Source "ChessBase"]
[SourceDate "2016.08.29"]
[SourceVersion "1"]
[SourceVersionDate "2016.08.29"]
[SourceQuality "1"]
[WhiteTeam "Netherlands"]
[BlackTeam "Bulgaria"]
[WhiteTeamCountry "NED"]
[BlackTeamCountry "BUL"]

1. e4 e6 2. d4 d5 3. Nc3 Bb4 4. exd5 exd5 5. Nf3 Bg4 6. Be2 Nf6 7. 0-0 0-0 8. a3 Bd6 9. Bg5 c6 10. Ne5 Bxe2 11. Nxe2 Re8 12. Ng4 Nbd7 13. Nxf6+ Nxf6 14. c3 Bxh2+ 15. Kh1 Bd6 16. g3 Qe7 17. Bxf6 Qxe2 18. Qxe2 Rxe2 19. Bg5 Rxb2 20. a4 Re8 21. Be3 Bxg3 22. Rab1 Rxb1 23. Rxb1 b6 24. a5 Bc7 25. a6 f5 26. Kg2 f4 27. Bd2 g5 28. Kf3 Kf7 29. Rh1 Kg6 30. Re1 Rxe1 0-1

[Event "IBCA EU-chT blind 01st"]
[Site "Warsaw"]
[Date "2016.07.26"]
[Round "3.4"]
[White "Baue, Michel"]
[Black "Ilieva, Gabriela"]
[Result "1/2-1/2"]
[WhiteElo "1700"]
[BlackElo "1510"]
[PlyCount "61"]
[EventDate "2016.07.24"]
[EventType "team-swiss"]
[EventRounds "9"]
[EventCountry "POL"]
[SourceTitle "CBM 173 Extra"]
[Source "ChessBase"]
[SourceDate "2016.08.29"]
[SourceVersion "1"]
[SourceVersionDate "2016.08.29"]
[SourceQuality "1"]
[WhiteTeam "France"]
[BlackTeam "Bulgaria"]
[WhiteTeamCountry "FRA"]
[BlackTeamCountry "BUL"]

1. e4 e6 2. d4 d5 3. Nd2 c5 4. exd5 Qxd5 5. dxc5 Bxc5 6. Ngf3 Nf6 7. Bc4 Qd6 8. 0-0 0-0 9. Nb3 b6 10. Qxd6 Bxd6 11. h3 Bb7 12. Be2 Nbd7 13. Nbd4 Rac8 14. c4 Be4 15. Nb5 Bb8 16. b3 e5 17. Rd1 Bg6 18. Nh4 Be4 19. Nf3 Rcd8 20. Bb2 Rfe8 21. Nd6 Re6 22. Nxe4 Nxe4 23. Bd3 Nxf2 24. Bxh7+ Kxh7 25. Kxf2 Kg6 26. Rd5 Bc7 27. Rad1 Re7 28. Bxe5 Nxe5 29. Nxe5+ Rxe5 30. Rxd8 Bxd8 31. Rxd8 1/2-1/2